000 01644nam a22002537a 4500
999 _c58380
_d58380
003 Ge_BSU
005 20211223114626.0
008 211223s2019 ge ||||| |||| 00| 0 geo d
020 _a9789941485695
041 _ageo
080 _a323.173(479.22)+392(479.22) მ-54
100 _aმელიქიშვილი, ლია
_9159
245 _aტრადიციული კულტურა და საზოგადოება :
_b[მონოგრაფია] /
_c ლია მელიქიშვილი ; რედაქტორები: როინ მეტრეველი, დავით მუსხელიშვილი ; კავკასიის ხალხთა საერთაშორისო სამეცნიერო-კვლევითი ინ-ტი.
264 _aთბილისი :
_bმწიგნობარი,
_c2019.
300 _a436 გვ. ;
_b25 სმ.
504 _aბიბლიოგრაფია: გვ. 422-429.
653 _aეთნიკური უმციროსებები საქართველოში
653 _aეთნოკონფლიქტები საქართველოში
653 _aსაქართველოს ეთნოგრაფია
700 _aმუსხელიშვილი, დავით
_eრედაქტორი
_913351
710 _aკავკასიის ხალხთა საერთაშორისო სამეცნიერო-კვლევითი ინ-ტი
_913352
773 _tნაჩუქარი
942 _2udc
_cBK